| 000 | 00849nam a2200253 i 4500 | ||
|---|---|---|---|
| 001 | 47732 | ||
| 003 | ES-MaACL | ||
| 005 | 20251120165142.0 | ||
| 007 | t| | ||
| 008 | 011203s2001 sp ||||0| spa j | ||
| 020 | _a84-7671-643-5 | ||
| 040 |
_aM-BN _bspa _cM-BN |
||
| 080 | _a929 Godoy, Manuel (0:7) | ||
| 080 | _a7.041.5 | ||
| 100 | 1 |
_aRose-de Viejo, Isadora. _999678 |
|
| 245 | 1 | 3 |
_aLa imagen de Manuel Godoy / _cIsadora Rose-de Viejo, Emilio La Parra López, Enrique Giménez López. |
| 260 |
_a[Mérida] : _bConsejería de Cultura, _c2001. |
||
| 300 |
_a193 p. : _bil. col. y n. ; _c28 cm. |
||
| 600 | 0 | 4 |
_aGodoy, Manuel de, _cPríncipe de la Paz- _xIconografia _957539 |
| 700 | 1 |
_aLa Parra López, Emilio. _969173 |
|
| 700 | 1 |
_aGiménez López, Enrique. _957052 |
|
| 852 |
_aES-MaACL _jL-26330 _bR.131201 |
||
| 999 |
_c47732 _d47732 |
||